قواعد اردو / Qawāid-i- Urdū / (Record no. 84240)
[ view plain ]
| 000 -LEADER | |
|---|---|
| fixed length control field | 00961cam a22002531 4500 |
| 001 - CONTROL NUMBER | |
| control field | 84240 |
| 003 - CONTROL NUMBER IDENTIFIER | |
| rucl marc code | BD-RjUL |
| 005 - DATE AND TIME OF LATEST TRANSACTION | |
| control field | 20250519111313.0 |
| 008 - FIXED-LENGTH DATA ELEMENTS--GENERAL INFORMATION | |
| fixed length control field | 241105s1951 pk 000 0 urd |
| 035 ## - SYSTEM CONTROL NUMBER | |
| System control number | (BD-RjUL)84240 |
| 040 ## - CATALOGING SOURCE | |
| Original cataloging agency | DLC |
| Transcribing agency | MiU |
| Modifying agency | DLC |
| Language of cataloging | eng |
| 041 ## - LANGUAGE CODE | |
| Language code of text/sound track or separate title | urd |
| 082 ## - DEWEY DECIMAL CLASSIFICATION NUMBER | |
| Edition number | 23 |
| Classification number | 891.4395 |
| Author mark and year | HAQ 1951 |
| 100 0# - MAIN ENTRY--PERSONAL NAME | |
| Personal name | ʻAbdulḥaq,:عبدالحق، |
| Dates associated with a name | 1869-1961 |
| 9 (RLIN) | 14054 |
| 245 10 - TITLE STATEMENT | |
| Title | قواعد اردو / Qawāid-i- Urdū / |
| Statement of responsibility, etc. | : مولوى عبدالحق, ، , ʻAbdulḥaqq, |
| 250 ## - EDITION STATEMENT | |
| Edition statement | 4th.ed |
| 260 ## - PUBLICATION, DISTRIBUTION, ETC. (IMPRINT) | |
| Place of publication, distribution, etc. | Karācī: |
| Name of publisher, distributor, etc. | انجمن ترقی اردو پاکستان،,/ Anjuman Taraqqī-yi Urdū Pākistān, |
| Date of publication, distribution, etc. | 1951 |
| 300 ## - PHYSICAL DESCRIPTION | |
| Pagination | 361 p. p. ; |
| Size | 22 cm. |
| 490 0# - SERIES STATEMENT | |
| Series statement | Silsilah-yi matbūʻāt-i Anjuman Taraqqi-yi Urdū (pakistan) #سلسلہ مطبوعات انجمن ترقی اردو ; |
| 500 ## - GENERAL NOTE | |
| General note | In Urdu. |
| 650 #0 - SUBJECT ADDED ENTRY--TOPICAL TERM | |
| Topical term or geographic name as entry element | Urdu language |
| General subdivision | Grammar. |
| 9 (RLIN) | 13595 |
| 830 ## - SERIES ADDED ENTRY--UNIFORM TITLE | |
| Uniform title | سلسلہ مطبوعات انجمن ترقی اردو |
| 942 ## - ADDED ENTRY ELEMENTS (KOHA) | |
| Source of classification or shelving scheme | Dewey Decimal Classification |
| Koha item type | Books |
| Lost status | Source of classification or shelving scheme | Damaged status | Not for loan | Collection code | Permanent Location | Current Location | Shelving location | Date acquired | Total Checkouts | Full call number | Date last seen | Date checked out | Copy number | Koha item type | Cost, normal purchase price |
|---|---|---|---|---|---|---|---|---|---|---|---|---|---|---|---|
| Dewey Decimal Classification | Non-fiction | Central Library, University of Rajshahi | Central Library, University of Rajshahi | General Stacks | 05/11/2024 | 1 | U 891.4395 HAQ 1951 | 17/11/2024 | 05/11/2024 | C-2 | Books | ||||
| Dewey Decimal Classification | Not For Loan | Non-fiction | Central Library, University of Rajshahi | Central Library, University of Rajshahi | Reading Room | 19/05/2025 | U 891.4395 HAQ 1951 | 19/05/2025 | C-1 | Books | 5.00 |